Comarques més poblades sense les seves capitals - Estadísticas

Estadísticas generales
  • Esta prueba ha sido intentada 23 veces
  • La puntuación promedio es 13 de 20
Estadísticas de respuestas
Població total Població sense la capital Ciutat més poblada Comarca % Correcto
2.354.000 651.000 L'Hospitalet Barcelonès
100%
367.000 803.000 Cornellà Baix Llobregat
94%
472.000 340.000 Pineda de Mar Maresme
94%
960.000 513.000 Sant Cugat Vallès Occidental
94%
426.000 362.000 Mollet Vallès Oriental
94%
185.000 171.000 Blanes la Selva
88%
164.000 114.000 Manlleu Osona
82%
275.000 134.000 Salou Tarragonès
82%
143.000 132.000 Palafrugell Baix Empordà
76%
473.000 383.000 Mislata Horta Sud
53%
305.000 232.000 Burjassot Horta Nord
47%
494.000 135.000 Sant Vicent del Raspeig l'Alacantí
47%
184.000 138.000 Xàbia Marina Alta
47%
192.000 156.000 Benidorm Marina Baixa
47%
848.000 282.000 Torrevella Baix Segura
41%
172.000 147.000 Bétera Camp de Túria
41%
193.000 158.000 Vila-real Plana Baixa
41%
171.000 117.000 Petrer Vinalopó Mitjà
41%
225.000 177.000 Algesemí Ribera Alta
35%
421.000 301.000 Canet Rosselló
29%
No se encontraron pruebas coincidentes
Distribución de puntuación
Porcentaje de gente con cada puntuación
Porcentaje por número respondido
Historial de tus puntuaciones
No has intentado esta prueba.